| 000 | 01120cam a22002174a 4500 | ||
|---|---|---|---|
| 005 | 20260107132820.0 | ||
| 008 | 250528s ||||||||||||||||||||||||d | ||
| 035 | _a20932 | ||
| 020 | _a9780380725724 | ||
| 040 |
_aGR-AtMCL _bgre _dGR-AtMCL _eAACR2 |
||
| 245 | 1 | _aChanging for Good | |
| 260 |
_bHarper & Brothers, Publishers, _c2006 |
||
| 300 | _a304 | ||
| 520 | _aThis book offers simple self-assessments, informative case histories, and concrete examples to help clarify each stage and process. Introduction: A Scientific Revolution, The Science, How You Change, When You Change, Making Changes, The Applications, Precontemplation - Resisting Change, Contemplation - Change on the Horizon, Preparation - Getting Ready, Action - Time to Move, Maintenance - Staying There, Recycling - Learning from Relapse, A Changer's Manual, Termination - Exiting the Cycle of Change, Appendices, Foolish Freedom, A New Paradigm, Bibliography, Index. | ||
| 700 | 1 |
_aDiclemente Carlo C _96314 |
|
| 700 | 1 |
_aNorcross, John C. _93840 |
|
| 700 | 1 |
_aProchaska James O _96024 |
|
| 942 | _cBK | ||
| 999 |
_c6009 _d6009 |
||